Loading...
History - American History | 0 | 4 | 1 | 1 | 35 | 72 | 94.75 | 1 | 3 |
Social Science | 0 | 4 | 1 | 0 | 35 | 89 | 94.25 | 1 | 1 |
Religion | 0 | 4 | 1 | 1 | 35 | 50 | 88.75 | 1 | 3 |
History - World History | 0 | 4 | 1 | 1 | 35 | 62 | 84.50 | 0 | 3 |
Fine Arts - Classical Music | 0 | 3 | 0 | 2 | 30 | 93 | 116.67 | 0 | 0 |
History - European History | 0 | 3 | 0 | 0 | 30 | 81 | 86.67 | 0 | 1 |
Science - Biology | 0 | 3 | 0 | 1 | 30 | 97 | 104.33 | 0 | 0 |
Fine Arts - Other Fine Arts | 0 | 4 | 3 | 1 | 25 | 69 | 106.00 | 1 | 1 |
Pop Culture | 0 | 2 | 0 | 0 | 20 | 41 | 84.00 | 1 | 1 |
Science - Chemistry | 0 | 2 | 0 | 0 | 20 | 101 | 111.50 | 0 | 0 |
Geography/Current Events | 0 | 2 | 1 | 1 | 15 | 72 | 99.00 | 0 | 1 |
Science - Other Science | 0 | 2 | 1 | 0 | 15 | 68 | 84.00 | 0 | 2 |
Mythology | 0 | 1 | 0 | 0 | 10 | 126 | 126.00 | 0 | 0 |
Literature - World/Other Literature | 0 | 1 | 0 | 0 | 10 | 51 | 51.00 | 1 | 1 |
History - Other History | 0 | 1 | 0 | 0 | 10 | 42 | 42.00 | 1 | 1 |
Science - Physics | 0 | 1 | 0 | 0 | 10 | 103 | 103.00 | 0 | 0 |
Literature - European Literature | 0 | 1 | 0 | 0 | 10 | 87 | 87.00 | 0 | 0 |
Literature - American Literature | 0 | 1 | 0 | 0 | 10 | 101 | 101.00 | 0 | 0 |
Fine Arts - Visual Fine Arts | 0 | 1 | 1 | 1 | 5 | 122 | 122.00 | 0 | 0 |
Philosophy | 0 | 1 | 1 | 0 | 5 | 89 | 89.00 | 1 | 1 |